Revista geográfica española
Descripción Física:
[10] p. : il. ; 25 cm
MARC
| LEADER | 00000nam a2200000Ia 4500 | ||
|---|---|---|---|
| 001 | 23423 | ||
| 008 | 160829s9999 xx 000 0 cat d | ||
| 080 | |a FU-61-25 | ||
| 245 | |a Revista geográfica española | ||
| 260 | |a San Sebastián : |b Icharopena, [1941?] | ||
| 300 | |a [10] p. : |b il. ; |c 25 cm | ||
| 590 | |a Fulletó explicatiu de la l'edició de la revista. | ||
| 590 | |a Prové de Q-589, exp. 52 | ||
| 650 | |a Geografia |x Revistes |9 21266 | ||
| 650 | |a Viatges |x Revistes |9 48825 | ||
| 901 | |a Arxiu | ||
| 942 | |n 1 | ||
| 952 | |0 0 |1 0 |4 0 |6 FU6125 |7 1 |9 54885 |a Arxiu |b Arxiu |d 2012-04-05 |l 0 |o FU-61-25 |p 23423 |r 2016-12-01 00:00:00 |w 2016-12-01 |y ARXIU | ||
| 999 | |c 58755 |d 58755 | ||